Sports Quiz

Random Sports or Country Quiz

World Cup Final Four Quiz Stats

Quiz not verified by Sporcle

Challenge
Share
Tweet
Embed
Score 0/72 Timer 03:00
0 Plays Today
Year Country % Correct
1938Brazil
99.4%
1950Brazil
99.4%
1958Brazil
99.4%
1962Brazil
99.4%
1970Brazil
99.4%
1974Brazil
99.4%
1978Brazil
99.4%
1994Brazil
99.4%
1998Brazil
99.4%
2002Brazil
99.4%
1934Germany
98.8%
2002Germany
98.8%
2006Germany
98.8%
1934Italy
98.4%
1938Italy
98.4%
1970Italy
98.4%
1978Italy
98.4%
1982Italy
98.4%
1990Italy
98.4%
1994Italy
98.4%
2006Italy
98.4%
1930Argentina
97.8%
1958France
97.8%
1978Argentina
97.8%
1982France
97.8%
1986Argentina
97.8%
1986France
97.8%
1990Argentina
97.8%
1998France
97.8%
2006France
97.8%
1966England
97.6%
1990England
97.6%
1930Uruguay
95.1%
1950Uruguay
95.1%
1954Uruguay
95.1%
1970Uruguay
95.1%
Year Country % Correct
1966Portugal
93.3%
2006Portugal
93.3%
1950Spain
92.5%
1974The Netherlands
92.3%
1978The Netherlands
92.3%
1998The Netherlands
92.3%
1930United States
90.5%
1954West Germany
88.7%
1958West Germany
88.7%
1966West Germany
88.7%
1970West Germany
88.7%
1974West Germany
88.7%
1982West Germany
88.7%
1986West Germany
88.7%
1990West Germany
88.7%
2002South Korea
87.7%
1938Sweden
86.6%
1950Sweden
86.6%
1958Sweden
86.6%
1994Sweden
86.6%
2002Turkey
79.6%
1962Chile
79.1%
1938Hungary
76.9%
1954Hungary
76.9%
1966Soviet Union
76.9%
1974Poland
76.1%
1982Poland
76.1%
1962Czechoslovakia
71.7%
1934Czechoslovakia
71.3%
1998Croatia
70.6%
1986Belgium
70%
1934Austria
66%
1954Austria
66%
1930Yugoslavia
65.2%
1962Yugoslavia
65.2%
1994Bulgaria
62.6%

You're not logged in!

Compare scores with friends on all Sporcle quizzes.
Sign Up with Email
OR
Log In

You Might Also Like...

Show Comments

Extras

Top Quizzes Today


Score Distribution

Your Account Isn't Verified!

In order to create a playlist on Sporcle, you need to verify the email address you used during registration. Go to your Sporcle Settings to finish the process.

Report this User

Report this user for behavior that violates our Community Guidelines.

Details: